书目信息 |
| 题名: |
突围
|
|
| 作者: | 董华峰 著 | |
| 分册: | ||
| 出版信息: | 北京 人民日报出版社 2021 |
|
| 页数: | 320页 | |
| 开本: | 24cm | |
| 丛书名: | ||
| 单 册: | ||
| 中图分类: | G229.29 | |
| 科图分类: | ||
| 主题词: | 经济--电视节目--发展--研究--中国 | |
| 电子资源: | ||
| ISBN: | 978-7-5115-6772-7 | |
| 000 | 01254nam0 2200253 450 | |
| 001 | 2337037845 | |
| 005 | 20231205101731.09 | |
| 010 | @a978-7-5115-6772-7@dCNY85.00 | |
| 100 | @a20210618d2021 em y0chiy50 ea | |
| 101 | 0 | @achi |
| 102 | @aCN@b110000 | |
| 105 | @ak z 000yy | |
| 200 | 1 | @a突围@Atu wei@e我国电视经济节目发展历程研究@f董华峰著 |
| 210 | @a北京@c人民日报出版社@d2021 | |
| 215 | @a320页@d24cm | |
| 312 | @a封面英文题名:Breakout | |
| 330 | @a本书是基于全媒体时代传统媒体整合转型这一历史背景,针对电视经济节目的历史、现状及未来所做的研究与探索。作者着眼于历史和现实两个视角、宏观(频道)与微观(节目)两个层面,全景式呈现了该类节目的发展历程,阐释了我国电视经济频道三种生存模式的必然性;揭示了经济节目形态开发中,由简单的“经济题材+娱乐形式”转向借助娱乐性节目形态,将经济活动中固有的专业服务形式电视化这一发展路径的科学性及其发展潜力;分析了新媒体背景下电视经济节目的生存境遇,并立足于现实,探讨了可供电视经济节目实践参考的方法和策略。 | |
| 510 | 1 | @aBreakout@zeng |
| 517 | 1 | @a我国电视经济节目发展历程研究@Awo guo dian shi jing ji jie mu fa zhan li cheng yan jiu |
| 606 | 0 | @a经济@x电视节目@x发展@x研究@y中国 |
| 690 | @aG229.29@v5 | |
| 701 | 0 | @a董华峰@Adong hua feng@c(女)@4著 |
| 801 | 0 | @aCN@b91MARC@c20210808 |
| 905 | @aZUCC@dG229.29@e3 | |
| 突围:我国电视经济节目发展历程研究/董华峰著.-北京:人民日报出版社,2021 |
| 320页;24cm |
| ISBN 978-7-5115-6772-7:CNY85.00 |
| 本书是基于全媒体时代传统媒体整合转型这一历史背景,针对电视经济节目的历史、现状及未来所做的研究与探索。作者着眼于历史和现实两个视角、宏观(频道)与微观(节目)两个层面,全景式呈现了该类节目的发展历程,阐释了我国电视经济频道三种生存模式的必然性;揭示了经济节目形态开发中,由简单的“经济题材+娱乐形式”转向借助娱乐性节目形态,将经济活动中固有的专业服务形式电视化这一发展路径的科学性及其发展潜力;分析了新媒体背景下电视经济节目的生存境遇,并立足于现实,探讨了可供电视经济节目实践参考的方法和策略。 |
| ● |
| 相关链接 |
|
|
|
正题名:突围
索取号:G229.29/3
 
预约/预借
| 序号 | 登录号 | 条形码 | 馆藏地/架位号 | 状态 | 备注 |
| 1 | 2001265057 | 2001265057 | 辽宁北方(第一批)/辽宁北方(第一批)/275/ [索取号:G229.29/3] | 在馆 | |
| 2 | 2001265058 | 2001265058 | 辽宁北方(第一批)/辽宁北方(第一批)/275/ [索取号:G229.29/3] | 在馆 | |
| 3 | 2001265059 | 2001265059 | 辽宁北方(第一批)/辽宁北方(第一批)/275/ [索取号:G229.29/3] | 在馆 | |
| 4 | 2001265060 | 2001265060 | 辽宁北方(第一批)/辽宁北方(第一批)/275/ [索取号:G229.29/3] | 在馆 | |
| 5 | 2001265061 | 2001265061 | 辽宁北方(第一批)/辽宁北方(第一批)/275/ [索取号:G229.29/3] | 在馆 | |
| 6 | 2001265062 | 2001265062 | 辽宁北方(第一批)/辽宁北方(第一批)/275/ [索取号:G229.29/3] | 在馆 |